LEADER 01318nam a2200277 i 4500 001 000000077657 003 CaOOAMICUS 005 20210420163234.0 008 090619s2001 it u000 u ita u 013 $a48830 020 $a88-315-2111-X 040 $aSeMil$bita 245 00$aFede e ragione :$bschede per la discussione a partire dall'enciclica di Giovanni Paolo 2. 264 1$aMilano :$bPaoline,$c2001. 300 $a189 p. ;$c21 cm. 490 1 $aTabor : collana di comunicazione catechistica ;$v15 650 4$aGiovanni Paolo II - Encicliche . Fides et ratio.$0(OLS)http://semarc/subject/16566 710 0 $aConferenza Episcopale Italiana : Servizio Nazionale Progetto Culturale.$0(OLS)http://semarc/name/10366 830 0$aTabor : collana di comunicazione catechistica ;$v15.$0(OLS)http://semarc/title/8739 850 $aSeMil 852 $aSeMil$W1$xVenegono$y1$m2A II 370$j43809$B43809$CSeMilBibl$Z2$F43691 $81 961 $aOmaggio: Scuola Cattolica 996 $6020$a88-315-2111-X$9(OLS)http://semarc/number/59520 996 $6245$aFede e ragione :$bschede per la discussione a partire dall'enciclica di Giovanni Paolo 2$9(OLS)http://semarc/title/126159 996 $6264$aMilano :$bPaoline$9(OLS)http://semarc/publisher/29684 LEADER 01323nam a2200313 i 4500 001 000000061746 003 CaOOAMICUS 005 20121212000000.0 008 121212s1982 it u000 u ita u 013 $a32918 020 $a88-209-1376-3 040 $aSeMil$bita 100 0 $aIoannes Paulus II,$c.$0(OLS)http://semarc/name/646 245 10$aMaria :$bomelie /$cKarol Wojtyla ; Prefazione di Stefan card. Wyszynski. 260 $aCittą del Vaticano :$bLibreria Editrice Vaticana,$ccopyr. 1982. 300 $a171 p., [4] p. di tav. ;$c20 cm. 490 0 $aPastorale ;$v4. 650 4$aMadonna - Meditazioni.$0(OLS)http://semarc/subject/920 700 1 $aWyszynski, Stefan .$0(OLS)http://semarc/name/20414 830 0$aPastorale ;$v4.$0(OLS)http://semarc/title/423448 850 $aSeMil 852 $aSeMil$W1$xVenegono$y1$m2L I 282$j27899$B27899$CSeMilBibl$Z2$F27902 $81 900 1 $aWojtyla, Karol,$d<1920-2005>. 900 0 $aGiovanni Paolo II$c. 996 $6020$a88-209-1376-3$9(OLS)http://semarc/number/38087 996 $6245$aMaria :$bomelie$9(OLS)http://semarc/title/97093 996 $6260$aCittą del Vaticano :$bLibreria Editrice Vaticana$9(OLS)http://semarc/publisher/29734